000 00965cam a2200181 i 4500
008 191029s2021 moua b 001 0 eng
020 _a9780323596954
050 0 0 _aRC271.R3
_bP734 2021
245 0 0 _aWashington & Leaver's principles and practice of radiation therapy /
_c[edited by] Charles M. Washington, EdD, MBA, RT(T), FASRT, Senior Director, Radiation Oncology, Memorial Sloan Kettering Cancer Center, New York, New York, Dennis Leaver, MS, RT(R)(T), FASRT, Professor Emeritus, Department of Biology, Southern Maine Community College, South Portland, Maine, Megan Trad, PhD, MSRS, RT(T), Associate Professor, Radiation Therapy, Texas State University, San Marcos, Texas.
250 _aFifth edition.
260 _aMissouri
_bElsevier Ltd
_c2021
300 _axv, 816 pages :
_billustrations (chiefly color) ;
650 0 _aCancer
_xRadiotherapy.
700 1 _aWashington, Charles M.,
700 1 _aLeaver, Dennis T.,
700 1 _aTrad, Megan,
942 _cBK
999 _c2630
_d2630